Т. 57, вып. 5; Бюллетень Московского общества испытателей природы. Отдел геологический

Dettagli Bibliografici
Parent link:Бюллетень Московского общества испытателей природы. Отдел геологический: научный журнал. Т. 57, вып. 5.— , 1927, 1932-1939, 1945, 1947-1963, 1965-1995.— 0366-1318
Lingua:russo
Pubblicazione: 1982
Natura: MixedMaterials Libro
KOHA link:https://koha.lib.tpu.ru/cgi-bin/koha/opac-detail.pl?biblionumber=521355

MARC

LEADER 00000nam2a2200000 4500
001 521355
005 20231101110537.0
035 |a (RuTPU)RU\TPU\prd\201114 
035 |a RU\TPU\prd\201112 
090 |a 521355 
100 |a 20131111a19829999k y0rusy50 ca 
101 0 |a rus 
102 |a RU 
200 0 |a Т. 57, вып. 5 
210 |d 1982 
461 1 |0 (RuTPU)RU\TPU\prd\66  |x 0366-1318  |t Бюллетень Московского общества испытателей природы. Отдел геологический  |o научный журнал  |v Т. 57, вып. 5  |d 1927, 1932-1939, 1945, 1947-1963, 1965-1995 
801 0 |a RU  |b 63413507  |c 20010227  |g PSBO 
801 1 |a RU  |b 63413507  |c 20131108 
801 2 |a RU  |b 63413507  |c 20131111  |g RCR 
942 |c BK 
999 |a НТБ_ТПУ  |b НФ  |e -4/20130109  |p П-147  |u 0  |v 1